Rozpoznaj Świętego #2 - Statystyki

Ogólne statystyki
  • Ten quiz został rozwiązany 47 razy
  • Średni wynik to 5 z 10
Statystyki odpowiedzi
Obrazkowy Odpowiedź % Poprawnych
Św. Jan Paweł II
97%
Św. Franciszek
90%
Św. Piotr
74%
Św. Florian
51%
Św. Wojciech
38%
Św. Teresa od Dzieciątka Jezus
31%
Św. Agata
28%
Św. Katarzyna
28%
Św. Kunegunda
28%
Św. Mateusz
26%
Nie znaleziono quizów pasujących do podanych kryteriów
Rozkład punktacji
Procent ludzi z każdym wynikiem
Percentyl według liczby udzielonych odpowiedzi
Twoja historia wyników
Nie rozwiązałeś tego quizu